[Event "Llinars del Valles op-B 13th"]
[Site "Llinars del Valles"]
[Date "2019.06.15"]
[Round "8"]
[White "Gallardo Gonzalez, Rafael"]
[Black "Lambert Pont, James"]
[Result "1-0"]
[WhiteElo "1522"]
[BlackElo "1273"]
[PlyCount "61"]
[EventDate "2019.03.30"]
[EventType "swiss"]
[EventRounds "8"]
[EventCountry "ESP"]
[SourceTitle "EXT 2021"]
[Source "ChessBase"]
[SourceDate "2020.10.23"]
[SourceVersion "1"]
[SourceVersionDate "2020.10.23"]
[SourceQuality "1"]

1. e4 e5 2. Nf3 Nc6 3. Bc4 Bc5 4. b4 Bxb4 5. c3 Ba5 6. d4 exd4 7. 0-0 dxc3 8. Qb3 Qe7 9. Bg5 Qb4 10. Bxf7+ Kf8 11. Qd5 Nge7 12. Bxe7+ Nxe7 13. Qh5 g6 14. Qe5 Rg8 15. Bxg8 Nxg8 16. Ng5 Qe7 17. Nxh7+ Qxh7 18. Qxa5 c2 19. Qc5+ d6 20. Qxc2 g5 21. Nc3 Nf6 22. f3 d5 23. Qd2 Qe7 24. Nxd5 Qc5+ 25. Kh1 Nxd5 26. exd5 b6 27. Qxg5 Bb7 28. Qf6+ Kg8 29. Rac1 Qxd5 30. Rxc7 Ba6 31. Qg7# 1-0

[Event "Llinars del Valles op-B 13th"]
[Site "Llinars del Valles"]
[Date "2019.04.27"]
[Round "3"]
[White "Llonch Farres, Gerard"]
[Black "Gallardo Gonzalez, Rafael"]
[Result "1-0"]
[WhiteElo "1319"]
[BlackElo "1522"]
[PlyCount "59"]
[EventDate "2019.03.30"]
[EventType "swiss"]
[EventRounds "8"]
[EventCountry "ESP"]
[SourceTitle "EXT 2020"]
[Source "ChessBase"]
[SourceDate "2019.10.17"]
[SourceVersion "1"]
[SourceVersionDate "2019.10.17"]
[SourceQuality "1"]

1. e4 e5 2. Nf3 Nc6 3. d4 exd4 4. Nxd4 Nxd4 5. Qxd4 b6 6. Nc3 Bb7 7. Bf4 Nf6 8. f3 Be7 9. Bc4 0-0 10. 0-0-0 d6 11. g4 Nd7 12. Bd5 Bxd5 13. Qxd5 Rc8 14. Bg3 Bh4 15. Qh5 Qg5+ 16. Qxg5 Bxg5+ 17. f4 Bf6 18. e5 dxe5 19. Rxd7 exf4 20. Bxf4 Bxc3 21. bxc3 Rfe8 22. Rhd1 h6 23. Rxc7 Ra8 24. Rdd7 g5 25. Bg3 Re3 26. Rxf7 Re4 27. Rg7+ Kh8 28. Rh7+ Kg8 29. Rcg7+ Kf8 30. Bd6+ 1-0

[Event "Llinars del Valles op 11th B"]
[Site "Llinars del Valles"]
[Date "2017.06.03"]
[Round "7.3"]
[White "Gayoso Rodriguez, Jaume Eduard"]
[Black "Gallardo Gonzalez, Rafael"]
[Result "1-0"]
[WhiteElo "1813"]
[BlackElo "1532"]
[PlyCount "87"]
[EventDate "2017.04.22"]
[EventType "swiss"]
[EventRounds "9"]
[EventCountry "ESP"]
[SourceTitle "EXT 2024"]
[Source "ChessBase"]
[SourceDate "2023.10.10"]
[SourceVersion "1"]
[SourceVersionDate "2023.10.10"]
[SourceQuality "1"]

1. e4 e6 2. d4 d5 3. e5 c5 4. c3 Nc6 5. Nf3 Qb6 6. a3 a5 7. a4 cxd4 8. cxd4 Bb4+ 9. Nc3 Nge7 10. Be2 Nf5 11. Be3 Nxe3 12. fxe3 0-0 13. 0-0 Bd7 14. Nb5 Ne7 15. Bd3 h6 16. Ne1 Bxb5 17. Bxb5 Nc6 18. Nd3 Be7 19. Nf4 Rac8 20. Rc1 Na7 21. Qg4 Nxb5 22. Rxc8 Rxc8 23. axb5 Bg5 24. Nxd5 Qxb5 25. Nf4 Rc2 26. h4 Bxf4 27. Qxf4 Rc7 28. Rf2 Qd3 29. g4 b5 30. g5 h5 31. Qf3 g6 32. Kg2 a4 33. Qf6 Rd7 34. Qf3 Qc4 35. Kg3 Qc1 36. Qe2 Qc6 37. Rf1 Rc7 38. Rd1 b4 39. e4 Qc4 40. Qxc4 Rxc4 41. d5 Rxe4 42. d6 Rxe5 43. d7 Re3+ 44. Kf2 1-0

[Event "Llinars del Valles op 11th B"]
[Site "Llinars del Valles"]
[Date "2017.05.20"]
[Round "5.6"]
[White "Roquet Estrada, Albert"]
[Black "Gallardo Gonzalez, Rafael"]
[Result "1/2-1/2"]
[WhiteElo "1621"]
[BlackElo "1532"]
[PlyCount "96"]
[EventDate "2017.04.22"]
[EventType "swiss"]
[EventRounds "9"]
[EventCountry "ESP"]
[SourceTitle "EXT 2024"]
[Source "ChessBase"]
[SourceDate "2023.10.10"]
[SourceVersion "1"]
[SourceVersionDate "2023.10.10"]
[SourceQuality "1"]

1. e4 e6 2. d4 d5 3. Bd3 dxe4 4. Bxe4 Nf6 5. Bf3 Bd7 6. Bxb7 Bc6 7. Bxa8 Bxa8 8. Nf3 Bxf3 9. Qxf3 Qxd4 10. 0-0 Bd6 11. c3 Qb6 12. h3 0-0 13. Nd2 Qb5 14. Nb3 Bh2+ 15. Kh1 Qxf1+ 16. Kxh2 Nbd7 17. Be3 Qa6 18. g3 Nd5 19. Nc5 Nxc5 20. Bxc5 Rb8 21. b3 Qa5 22. Bd4 Re8 23. c4 Ne7 24. Bc3 Qb6 25. Rd1 Nc8 26. Kg2 Nd6 27. Bd4 Qa5 28. Qc3 Qxc3 29. Bxc3 f6 30. Bb4 Kf7 31. Bxd6 Rd8 32. Kf3 Rxd6 33. Rxd6 cxd6 34. b4 Ke7 35. a4 Kd7 36. Ke3 Kc6 37. Kd4 e5+ 38. Ke4 g6 39. g4 a6 40. h4 Kd7 41. f4 Ke6 42. f5+ gxf5+ 43. gxf5+ Kd7 44. Kd5 Kc7 45. h5 h6 46. a5 Kb7 47. b5 axb5 48. cxb5 Kc7 1/2-1/2

[Event "Badalona op-C 41st"]
[Site "Badalona"]
[Date "2015.08.10"]
[Round "9.7"]
[White "Vegara Gallego, Pere"]
[Black "Gallardo Gonzalez, Rafael"]
[Result "1/2-1/2"]
[WhiteElo "1873"]
[BlackElo "1792"]
[PlyCount "141"]
[EventDate "2015.08.02"]
[EventType "swiss"]
[EventRounds "9"]
[EventCountry "ESP"]
[SourceTitle "EXT 2024"]
[Source "ChessBase"]
[SourceDate "2023.10.10"]
[SourceVersion "1"]
[SourceVersionDate "2023.10.10"]
[SourceQuality "1"]

1. e4 e6 2. Nc3 d5 3. exd5 exd5 4. d4 Nf6 5. Be2 Bb4 6. Nf3 0-0 7. 0-0 c6 8. Re1 Ne4 9. Bd2 Nxd2 10. Qxd2 Qa5 11. a3 Bxc3 12. bxc3 Nd7 13. Bd3 Nf6 14. h3 h6 15. Re3 Be6 16. Qe2 Rfe8 17. Qe1 c5 18. dxc5 Qxc5 19. Nd4 Bd7 20. Qd2 Rxe3 21. fxe3 Re8 22. Rb1 b6 23. Ra1 Ne4 24. Bxe4 Rxe4 25. Rf1 Qxa3 26. Rf4 Qa1+ 27. Kh2 a5 28. Rxe4 dxe4 29. h4 a4 30. Nb3 axb3 31. Qxd7 Qxc3 32. cxb3 Qxb3 33. Qe8+ Kh7 34. Qxe4+ g6 35. h5 Qe6 36. hxg6+ Qxg6 37. Qb4 Qe6 38. Qd4 f5 39. Qd3 Qe5+ 40. Kh3 Kg6 41. g4 h5 42. gxh5+ Kxh5 43. Qe2+ Kg5 44. Qg2+ Kf6 45. Qc6+ Qe6 46. Qc3+ Kg6 47. Kg3 b5 48. Kf2 Qf6 49. Qb3 Qh4+ 50. Kg2 Qc4 51. Qb2 Qe4+ 52. Kf2 b4 53. Qb3 Kf6 54. Qb2+ Kg6 55. Qb3 Qh4+ 56. Kg2 Qg4+ 57. Kf2 f4 58. exf4 Qxf4+ 59. Ke2 Qh2+ 60. Kd1 Qd6+ 61. Kc2 Qc5+ 62. Kb2 Kf6 63. Qf3+ Ke6 64. Qe4+ Kd6 65. Qg6+ Kd5 66. Qf5+ Kc6 67. Qc8+ Kb5 68. Qb7+ Ka4 69. Qa6+ Qa5 70. Qc6+ Qb5 71. Qa8+ 1/2-1/2

[Event "Girona-ch"]
[Site "Blanes"]
[Date "2015.??.??"]
[Round "8"]
[White "Cano Egea, Joan Manuel"]
[Black "Gallardo Gonzalez, Rafael"]
[Result "1-0"]
[WhiteElo "1881"]
[BlackElo "1805"]
[PlyCount "53"]
[EventDate "2015.09.27"]
[EventType "swiss"]
[EventRounds "9"]
[EventCountry "ESP"]
[SourceTitle "EXT 2017"]
[Source "ChessBase"]
[SourceDate "2016.10.25"]
[SourceVersion "1"]
[SourceVersionDate "2016.10.25"]
[SourceQuality "1"]

1. e4 e5 2. Nf3 Nc6 3. Bb5 Nf6 4. 0-0 a6 5. Bxc6 dxc6 6. Nxe5 Bd6 7. Nf3 Bg4 8. e5 0-0 9. exd6 Qxd6 10. d3 Rfe8 11. Bg5 Re6 12. Nbd2 Qd5 13. Re1 Rae8 14. Rxe6 Rxe6 15. Qf1 h6 16. Bh4 Nh5 17. Re1 Qxa2 18. Rxe6 Bxe6 19. Qc1 Nf4 20. Kf1 c5 21. Ne4 Qd5 22. Qxf4 c4 23. Qe5 Qc6 24. Nd4 Qa4 25. Nxe6 f6 26. Nxf6+ Kf7 27. Nd8+ 1-0

[Event "Girona-ch"]
[Site "Blanes"]
[Date "2015.??.??"]
[Round "5"]
[White "Hernandez Requena, Francesc"]
[Black "Gallardo Gonzalez, Rafael"]
[Result "1-0"]
[WhiteElo "1918"]
[BlackElo "1805"]
[PlyCount "81"]
[EventDate "2015.09.27"]
[EventType "swiss"]
[EventRounds "9"]
[EventCountry "ESP"]
[SourceTitle "EXT 2017"]
[Source "ChessBase"]
[SourceDate "2016.10.25"]
[SourceVersion "1"]
[SourceVersionDate "2016.10.25"]
[SourceQuality "1"]

1. d4 d5 2. Nf3 Nf6 3. c4 e6 4. Bg5 h6 5. Bh4 Nbd7 6. Nc3 Bb4 7. cxd5 exd5 8. Qb3 Bxc3+ 9. bxc3 c6 10. e3 0-0 11. Bd3 Qc7 12. 0-0 c5 13. c4 cxd4 14. Nxd4 dxc4 15. Bxc4 a6 16. Rac1 Qa5 17. Rfd1 b5 18. Nc6 bxc4 19. Nxa5 cxb3 20. axb3 Rb8 21. Nc6 Ra8 22. f3 Bb7 23. Ne7+ Kh7 24. Rc7 g5 25. Rxb7 gxh4 26. Nf5 Nc5 27. Rb6 Ne6 28. e4 Rfb8 29. Rxb8 Rxb8 30. e5 Ne8 31. Rd7 Rxb3 32. Nxh4 Re3 33. Rxf7+ N8g7 34. f4 a5 35. f5 Ng5 36. Ra7 Kg8 37. Ra8+ Kf7 38. Ra7+ Kf8 39. Ng6+ Kg8 40. Ra8+ Kf7 41. Rf8# 1-0